000 03147cam a2200397 a 4500
999 _c79700
_d316977
001 1safari9780128019634
003 CaSebORM
005 20220314103720.0
006 m o d
007 cr cn
008 211115s2015 xx o eng
020 _z9780128019634
020 _z9780128019498
020 _z9780128019634
024 8 _aC20140013585
024 8 _a9780128019634
035 _a(CaSebORM)9780128019634
040 _aMa-Un
_cMa-Un
041 0 _aeng
082 _222
_a363.25968
_bMRO
100 1 _aMessier, Ric,
_eauthor
_989378
245 1 0 _aOperating System Forensics
_h[electronic resource] /
_cMessier, Ric
250 _a1st edition
264 1 _bSyngress,
_c2015
300 _a1 online resource (386 pages)
506 _aAvailable to OhioLINK libraries
520 _aOperating System Forensics is the first book to cover all three critical operating systems for digital forensic investigations in one comprehensive reference. Users will learn how to conduct successful digital forensic examinations in Windows, Linux, and Mac OS, the methodologies used, key technical concepts, and the tools needed to perform examinations. Mobile operating systems such as Android, iOS, Windows, and Blackberry are also covered, providing everything practitioners need to conduct a forensic investigation of the most commonly used operating systems, including technical details of how each operating system works and how to find artifacts. This book walks you through the critical components of investigation and operating system functionality, including file systems, data recovery, memory forensics, system configuration, Internet access, cloud computing, tracking artifacts, executable layouts, malware, and log files. You'll find coverage of key technical topics like Windows Registry, /etc directory, Web browers caches, Mbox, PST files, GPS data, ELF, and more. Hands-on exercises in each chapter drive home the concepts covered in the book. You'll get everything you need for a successful forensics examination, including incident response tactics and legal requirements. Operating System Forensics is the only place you'll find all this covered in one book. Covers digital forensic investigations of the three major operating systems, including Windows, Linux, and Mac OS Presents the technical details of each operating system, allowing users to find artifacts that might be missed using automated tools Hands-on exercises drive home key concepts covered in the book. Includes discussions of cloud, Internet, and major mobile operating systems such as Android and iOS
533 _aElectronic reproduction.
_bBoston, MA :
_cSafari,
_nAvailable via World Wide Web.
_d2016
538 _aMode of access: World Wide Web
550 _aMade available through: Safari, an O'Reilly Media Company
655 7 _aElectronic books.
_2local
_989379
710 2 _aOhio Library and Information Network
_989380
710 2 _aSafari, an O'Reilly Media Company
_988237
856 4 0 _3Safari Books Online
_zConnect to resource
_uhttps://learning.oreilly.com/library/view/-/9780128019634/?ar
942 _2ddc
_cBOOK